00816 2200313 4500001002100000005001500021035002000036007000300056008004100059040001700100100001300117245004900130250001300179300003100192020002200223041000800245082001400253084002000267090002500287260003300312650001000345700001700355850001000372990002400382990002400406990002400430990002400454990002400478INLIS00000000000267320260601080848 a0010-0620000046ta260601 d 1  aSBPUPADbind0 aKinoysan1 aUnforgettable Tokyo /cKinoysan;editor, Maya a.-Cet.10 a186 hlm. :bilus. ;c19 cm a978-979-29-6047-1 aind a808.83.52 a808.83.52 KIN u a808.83.52 KIN u 24-5 a.--Yogyakarta :bAndi,c2017 4aNovel aeditor, Maya aPUPAD a33.076/DAK/DPK/2019 a33.075/DAK/DPK/2019 a33.074/DAK/DPK/2019 a33.074/DAK/DPK/2019 a33.077/DAK/DPK/2019